Edward the second / (Record no. 6060)

MARC details
000 -LEADER
fixed length control field 00632nam a22001817a 4500
003 - CONTROL NUMBER IDENTIFIER
control field GBCCL
005 - DATE AND TIME OF LATEST TRANSACTION
control field 20241126110555.0
008 - FIXED-LENGTH DATA ELEMENTS--GENERAL INFORMATION
fixed length control field 180425b ||||| |||| 00| 0 eng d
040 ## - CATALOGING SOURCE
Transcribing agency gbc
082 ## - DEWEY DECIMAL CLASSIFICATION NUMBER
Classification number 820
Item number MAR
100 ## - MAIN ENTRY--PERSONAL NAME
Personal name Marlowe, Christopher
9 (RLIN) 10916
245 ## - TITLE STATEMENT
Title Edward the second /
Statement of responsibility, etc. Christopher Marlowe [edited with a critical introduction, complete paraphrase of the text, notes, explanations of passages, and questions and answers by Ramji Lall]
250 ## - EDITION STATEMENT
Edition statement 3rd ed.
260 ## - PUBLICATION, DISTRIBUTION, ETC.
Place of publication, distribution, etc. New Delhi:
Name of publisher, distributor, etc. Rama Brothers,
Date of publication, distribution, etc. 1993
300 ## - PHYSICAL DESCRIPTION
Extent 272 p.;
Dimensions 21 cm.
650 ## - SUBJECT ADDED ENTRY--TOPICAL TERM
Topical term or geographic name entry element Edward - II, King of England
Form subdivision Drama
9 (RLIN) 10917
942 ## - ADDED ENTRY ELEMENTS (KOHA)
Source of classification or shelving scheme Dewey Decimal Classification
Koha item type Books
Holdings
Withdrawn status Lost status Source of classification or shelving scheme Damaged status Not for loan Home library Current Library Shelving location Date acquired Total checkouts Full call number Barcode Date last seen Copy number Price effective from Koha item type
    Dewey Decimal Classification     GRACE BIBLE COLLEGE GRACE BIBLE COLLEGE General Studies 2018-04-25   820 MAR 006366 2025-05-01 c.1 2018-04-25 Books
    Dewey Decimal Classification     GRACE BIBLE COLLEGE GRACE BIBLE COLLEGE General Studies 2018-05-15   820 MAR 006557 2025-05-01 c.2 2018-05-15 Books
© Grace Bible College Library 2025